000 00232nam a2200097Ia 4500
008 230222s9999 xx 000 0 und d
100 _aHamsa Pattara
245 0 _aErulum Njanum: (MALAYALAM)
260 _bNeruda Pub.
_c2001
942 _cBK
999 _c3492
_d3492